000 00746nam a2200253Ia 4500
003 OSt
005 20220925182844.0
006 a|||||r|||| 00| 0
007 ta
008 220923b |||||||| |||| 00| 0 eng d
037 _cGeneral Book
040 _aRTL
_cRTL
_beng
041 _2eng
_aeng
082 _aY5926.236.N8, M4
100 _aShah Ghanshyam
245 0 _aEconomic differentiations and trubal identitity
260 _aDelhi
_bAjanta Publishers
_c1984
300 _ax, 152p
_ccm.
490 _aCentre for Social Studies Publications
500 _aBibliography Chapterwise
650 _aScheduled Castes Tribes
942 _hY5926.236.N8, M4
_cGB
_2CC
999 _c503290
_d503290